000 00892nam a22003017a 4500
003 CHAP
005 20220329140601.0
008 971013s1957 us a r 00010 eng d
010 _a54288
011 _a55260
035 _a59412
040 _cCHAP
082 0 4 _a580
_bW5 1957
100 0 0 _aWilson, Carl L.
_9122180
245 1 _aBotany
260 _aNew York, Holt. :
_bRinehart and Winston,
_c1957
300 _a528 p.
_b: ilus.
590 _aBATCH-UPD
_b10
_c20130110
_lUCH01
_h0408
590 _aBATCH-UPD
_b10
_c20130110
_lUCH01
_h2244
590 _aBATCH-UPD
_b10
_c20130410
_lUCH01
_h0042
590 _aBATCH-UPD
_b10
_c20130914
_lUCH01
_h0733
590 _aCONVERSION
_b10
_c20130109
_lUCH01
_h1329
650 1 4 _aBotánica.
_914477
700 0 _aLoomis, Walter E.
_967621
901 _aBK
942 _cLIBRO
949 _a580 W5 1957
_bBC
_cLIBRO
_d33724000917761
_eLIBRO
_h12737
_i59412
_mD
_si
999 _c54288
_d54288